Регионална библиотека "Любен Каравелов" - Русе

Втори шанс (Запис номер 167075)

MARC детайли
000 -Лидер
Контролно поле с фиксирана дължина 01554nam a2200361 c 4500
003 - Код на организацията, давaща контролен номер
Контролно поле BLK
005 - Дата и час на последна редакция
Контролно поле 20230213122628.0
008 - Елементи от данни с фиксирана дължина
fixed length control field 180411b bul|||||r ||||||| ||bul||
010 ## - Наследен системен номер
LC control number KNG00174856000
020 ## - Международен стандартен номер на книга ISBN
Международен стандартен номер на книга ISBN 978-954-399-030-6
-- издат.: Санома Блясък България
040 ## - Източник на каталожния запис
Идентификатор на билиотеката - собственик на записа BLK
041 ## - Код за език
Код за езика на текст/звукозапис или на отделно заглавие Български
Код за езика КДБФ Български
072 #7 - Код за тематичната категория
Код организация bullib
Код за тематична категория Н83
Текст Чужда художествена литература Н
080 ## - УДК
Текстов определител УДК Американска литература (на САЩ)
УДК код - определител по УДК 821.111(73)
УДК определител -31
УДК - код + определител 821.111(73)-31
100 1# - Редна дума - Автор
Автор Рединг, Жаклин
Авторска отговорност първи автор
R(LIN) 251617
139 ## - Редно поле
Редна дума Рединг, Жаклин
Авторски знак Ред - Р 45
245 10 - Сведения за заглавието
Заглавие Втори шанс
Подзаглавни данни Роман
Редно поле (дума) Жаклин Рединг; прев. от англ. Мишела Христова.
257 ## - Страна на издаване
Страна на създаване/издаване Съединени американски щати
260 ## - Област на издателските данни
-- София
Име на издателя, разпространителя и проч. Санома Блясък България
Година на издаване 2013
Печатница София : Алианс Принт
300 ## - Физическа характеристика
Страници 240 с.
Размери/Мащаб 20 см
380 ## - Жанр
Жанр Худож. лит.
490 1# - СЕРИИ (Колекции)
Име на серия Световни бестселъри
№: серия 12
500 ## - Общи забележки
Забележка Ориг. загл. The Second Chance / Jaclyn Reding. - Кн. се разпространява със сп. Журнал за жената.
653 ## - Ключова дума – ненормативна
Ключова дума романтична проза
653 ## - Ключова дума – ненормативна
Ключова дума романи
659 ## - Тематичен бюлетин
Тематичен бюлетин Н
700 1# - Други автори (авторска отговорност)
Лично име Христова, Мишела
Автороска отговорност (Описва отношението между автора и произведението) прев. от англ.
9 (RLIN) 382344
852 ## - Местоположение
Форматна сигнатура Цб 274099
856 4# - Електронен адрес и достъп
Електронен формат pdf - файл
Път до файла /url/
856 4# - Електронен адрес и достъп
Електронен формат pdf - файл
Път до файла /url/
942 ## - АРТИКУЛИ
Вид на библиотечния материал Книги
Скрит в OPAC Не
Koha issues (borrowed), all copies 4
944 ## - СЪЗДАВАНЕ И РЕДАКЦИЯ на ЗАПИСА
Създаване/Редакция Създаване
Дата на регистрацията/редакция 04.05.2015
Статус, дата на статуса ф /
Служител, извършил регистрацията/редакцията Виолета_Тройчева
944 ## - СЪЗДАВАНЕ И РЕДАКЦИЯ на ЗАПИСА
Създаване/Редакция Редакция
Дата на регистрацията/редакция 25.09.2017
Статус, дата на статуса ф /
Служител, извършил регистрацията/редакцията Людмила_Стоянова
999 ## - СИСТЕМНИ КОНТРОЛНИ НОМЕРА
Koha biblionumber 167075
Koha biblioitemnumber 167075
Наличности
Код за отписване Код за изгубен артикул Код за повреда Коз за рестрикции Код за отдаване Артикулен № Име на библиотеката - собственик Име на библиотеката, в която се намира в момента Статус (Текущо местоположение) Дата на вписване в системата Местоположение - отдел Цена в лева Инвентарен номер Систематично азбучна сигнатура Баркод Номер на екземпляра Цена в евро Служебна бележка Служебен тип на артикула Източник на класификационната схема
  Не е изгубен Не е повреден без рестрикции ползва се в читалня 281459 Регионална библиотека "Любен Каравелов" Русе Регионална библиотека "Любен Каравелов" Русе Хранилище 2015-04-30 Хранилище 8.00 120000787784 Цб 274099 120000787784 1 4.09 Дост: Dp Вид: Д N: 44 Дата: 08.10.2014 Книги  
  Не е изгубен Не е повреден без рестрикции заемане за дома 281460 Регионална библиотека "Любен Каравелов" Русе Регионална библиотека "Любен Каравелов" Русе Заемна - подръчен фонд 2015-12-28 Заемна - подръчен фонд 8.00 120000796360 П 820(73)-31/Р 45 120000796360 2 4.09 Дост: DA Вид: А N: 27 Дата: 28.12.2015 Дата инв: 13.02.2018 Бележки инв: П2018 Книги  
  Не е изгубен Не е повреден без рестрикции заемане за дома 281461 Регионална библиотека "Любен Каравелов" Русе Регионална библиотека "Любен Каравелов" Русе Заемна - подръчен фонд 2017-06-06 Заемна - подръчен фонд 8.00 120000812018 П 820(73)-31/Р 45 120000812018 3 4.09 Дост: DA Вид: А N: 24 Дата: 06.06.2017 Дата инв: 15.02.2018 Бележки инв: П2018 Книги Universal Decimal Classification
Vip Innovations Ltd, Rousse, Bulgaria 2025